Os cinco e os comboios misteriosos (Registo nº 3823)

Detalhes MARC
000 -Etiqueta do registo
Cabeçalho 00772nam0a2200253 4500
005 - Identificador da versão
Campo de controlo 20240813122045.0
010 ## - Número internacional normalizado dos livros (ISBN)
Número (ISBN) 9726119847
100 ## - Dados gerais de processamento
Dados gerais de processamento 20161215d2004 m y0pory5003 ba
102 ## - Pais de publicação ou produção
País de publicação Portugal
101 1# - Língua de publicação
Língua do texto, banda sonora, etc. Português
Língua do documento no original Inglês
215 ## - Descrição física 
Indicação específica da natureza do documento e extensão da espécie 176 p.
Outras indicações físicas il
200 1# - Titulo e menção de responsabilidade
Título próprio Os cinco e os comboios misteriosos
Primeira menção de responsabilidade Enid Blyton
Outras menções de responsabilidade trad. Maria da Graça Pinhão
225 1# - Colecção 
Título próprio da colecção Os cinco
Nome de uma parte ou secção Mistério e aventura
Indicação de volume 7
205 ## - Menção da edição
Menção da edição 2ª ed.
210 ## - Publicação, Distribuição, etc. 
Lugar da edição, distribuição, etc. Paço de Arcos
Nome do editor, distribuidor, etc. Edimpresa
Data da publicação, distribuição, etc. 2004
606 ## - Nome comum usado como assunto
Número de registo de entrada de autoridade 0001536
Palavra de ordem Literatura inglesa
Subdivisão de assunto Romances de aventuras
Código do sistema CA
675 ## - Classificação Decimal Universal (CDU)
Notação 821.111-311.3
Edição 3ª ed.
Língua da edição por
702 #1 - Nome de autor-pessoa física (responsabilidade secundária)
Número de registo de entrada de autoridade 0000258
Palavra de ordem Pinhão
Outra parte do nome não tomada para palavra de ordem Maria da Graça
Código de função Tradutor
700 #1 - Nome de autor-pessoa física (responsabilidade principal)
Número de registo de entrada de autoridade 0000883
Palavra de ordem Blyton
Outra parte do nome não tomada para palavra de ordem Enid
Datas 1897-1968
966 ## - Identificação da Biblioteca
Sigla EBVEN
942 ## - Elementos de entrada adicionados (Koha)
Tipo de item no Koha Livro
Exemplares
Situação do levantamento Origin of item (home branch) (coded) Biblioteca de empréstimo Código de barras Cota Circulation type (not for loan) Tipo de documento Nota do exemplar Damaged status
  Biblioteca Escolar das Vendas Biblioteca Escolar das Vendas BEV1888 8EST BLY   Livro Sem mensagem